100 Biggest Cities of the Middle East in 1900 - Statistics

General Stats
  • This quiz has been taken 361 times
  • The average score is 43 of 100
Answers on the Map
Answers color-coded by a green-red scale on the quiz's map according to % correct below.
 
Answer Stats
Population Cities % Correct
943,000 Constantinople
98%
200,000 Tehran
98%
56,000 Jerusalem
97%
320,000 Alexandria
96%
595,000 Cairo
96%
145,000 Baghdad
95%
140,000 Damascus
95%
118,000 Beirut
94%
35,000 Kuwait City
93%
201,000 İzmir
92%
60,000 Mecca
92%
32,000 Ankara
91%
31,000 Jaffa
91%
108,000 Aleppo
90%
30,000 Muş
90%
48,000 Medina
88%
40,000 Gaza
87%
35,000 Aden
86%
58,000 Sana'a
86%
30,000 Jeddah
85%
40,000 Basra
84%
25,000 Manama
83%
100,000 Isfahan
81%
60,000 Mosul
81%
25,000 Antalya
79%
81,000 Adrianople
74%
200,000 Tabriz
74%
76,000 Bursa
72%
75,000 Mashhad
71%
35,000 Homs
68%
60,000 Shiraz
65%
43,000 Aintab
63%
40,000 Trabzon
63%
44,000 Port Said
61%
45,000 Konya
60%
30,000 Adana
59%
30,000 Van
57%
25,000 Tripoli
56%
30,000 Kirkuk
49%
25,000 Latakia
48%
45,000 Hama
46%
60,000 Kayseri
43%
34,000 Diyarbakır
40%
60,000 Kerman
40%
24,000 Antakya
38%
39,000 Erzurum
38%
30,000 Damietta
37%
60,000 Kermanshah
35%
21,000 Kars
33%
55,000 Urfa
32%
34,000 Eskişehir
30%
65,000 Karbala
29%
75,000 Yazd
29%
39,000 Sivas
28%
21,000 Denizli
27%
35,000 Tekfurdağı
27%
42,000 Asyut
26%
25,000 Nablus
25%
52,000 Maraş
23%
23,000 Erzincan
20%
32,000 Faiyum
20%
30,000 Malatya
20%
37,000 Mansura
20%
40,000 Rasht
20%
35,000 Urmia
20%
35,000 Aydın
19%
50,000 Hamadan
19%
33,000 Isparta
19%
35,000 Manisa
18%
33,000 Hodeida
17%
30,000 Tokat
17%
24,000 Kastamonu
16%
40,000 Qazvin
16%
56,000 Tanta
16%
30,000 Amasya
15%
27,000 Mardin
15%
22,000 Qena
15%
30,000 Harput
14%
38,000 Bitlis
13%
60,000 Khoy
11%
25,000 Kütahya
11%
30,000 Hillah
10%
40,000 Babol
9%
31,000 El Mahalla El Kubra
9%
22,000 Muharraq
9%
35,000 Zagazig
9%
25,000 Adapazarı
8%
24,000 Minya
8%
30,000 Ayvalık
7%
32,000 Sanandaj
7%
32,000 Alaşehir
6%
24,000 Birjand
6%
27,000 Damanhur
6%
30,000 Kashan
6%
25,000 Semnan
6%
25,000 Kasaba
4%
21,000 Menouf
2%
21,000 Shibin El Kom
2%
35,000 Tonekabon
2%
28,000 Akhmim
1%
No matching quizzes found
Score Distribution
Percent of People with Each Score
Percentile by Number Answered
Your Score History
You have not taken this quiz